000 00533nam a2200181Ia 4500
005 20250508153002.0
008 008 250505s9999 xx 000 0 eng d
037 _aBooks to be hide in OPAC
040 _aFEDL
_beng
_cFEDL
041 _aeng
_2eng
084 _a546, PAN/O
_qFEDL
100 _aPanchanan De
_9762914
245 0 _aText book of inorganic chemistry
260 _aCalcutta, India
_bMondal Brothers and Company Limited
_c1948
300 _a769p.
942 _cHB
_h546, PAN/O
999 _c1339993
_d1339993